| 000 | 00370nam a2200145Ia 4500 | ||
|---|---|---|---|
| 008 | 100415s9999 xx 000 0 und d | ||
| 082 |
_b8528 _a570 |
||
| 100 | _aHendey QB | ||
| 245 | _aEarly Man Die Oermens | ||
| 260 |
_aCAPE TOWN _c1973 _bSOUTH AFRICAN MUSEUM |
||
| 365 | _b0 | ||
| 630 | _aEarly Man Die Oermens | ||
| 730 | _aEarly Man Die Oermens | ||
| 942 | _cBOOK | ||
| 999 |
_c591470 _d591467 |
||